Introdução à leitura do «Frei Luís de Sousa» : seguida do texto (Registo nº 201758)

Detalhes MARC
000 -Etiqueta do registo
Valores 00556nam 22001813 4500
021 ## - Número do Depósito Legal
Código do país Portugal
Número 3552
100 ## - Dados gerais de processamento
Dados gerais 20260414d u||y0pory50 ba
200 ## - Titulo e menção de responsabilidade
Título próprio Introdução à leitura do «Frei Luís de Sousa» : seguida do texto
Primeira menção de responsabilidade J. D. Marques Mendes
210 ## - Publicação
Local de publicação Coimbra
Nome do editor Almedina
Data de publicação 1983
215 ## - Descrição física 
Paginação / Volumes 199 p.
Outras indicações físicas brochado
Dimensões 21 cm
606 ## - Nome comum usado como assunto
ID Autoridade 3661
Palavra de ordem Crítica Literária.Estudos Literários
675 ## - CDU
Notação 82.09
Edição PT
Língua por
700 ## - Autor principal (pessoa individual)
ID Autoridade 17112
Apelido Mendes
Nome João Daniel Marques
801 ## - Fonte de origem
País PT
Agência BMMN
Regras de catalogação RPC
830 ## - Notas gerais do catalogador
Criado por Vanda
990 ## - Elementos KOHA
Tipo de documento Livro
Exemplares
Situação do levantamento Biblioteca de origem Código de barras Cota Permissão de empréstimo Tipo de documento Forma de aquisição
  Biblioteca Municipal de Montemor-o-Novo 31125 82.09 MEN|DEP   Livro Compra

Powered by Koha